101 perssonnages Snk - Statistiques

Statistiques générales
  • Ce quiz a été pris 262 fois
  • Le résultat moyen est 13 sur 102
Statistiques - réponses
Personnages Réponse % Correct
2 Mikasa Ackerman
87%
4 Livai Ackerman
70%
1 Eren Jaeger
58%
3 Armin Arlert
56%
9 Connie Springer
46%
6 Erwin Smith
46%
10 Sasha Braus
43%
15 Reiner Braun
42%
25 Kenny Ackerman
39%
7 Historia Reiss
37%
8 Ymir
36%
13 Annie Leonhart
29%
51 Eren Kruger
29%
16 Gaby Braun
29%
43 Grisha Jaeger
29%
50 Sieg Jaeger
28%
22 Dot Pixis
25%
44 Carla Jaeger
24%
5 Hanji Zoe
22%
17 Falco Gleis
20%
26 Rhodes Reiss
19%
52 Ymir Fritz
19%
11 Jean Kirshtein
18%
46 Porco Galliard
18%
12 Marco Bott
17%
19 Udo
16%
20 Sophia
15%
95 Titan colossal
15%
27 Frieda Reiss
14%
47 Marcel Galliard
14%
97 Titan assaillant
14%
101 Titan charette
14%
96 Titan cuirassé
14%
98 Titan féminin
14%
94 Titan originel
14%
18 Kord Gleis
13%
99 Titan bestial
13%
100 Titan mâchoire
13%
102 Titan marteau
13%
41 Yelena
13%
42 Onyankopon
12%
29 Petra Ral
12%
14 Bertholdt Hoover
11%
63 Hannes
11%
35 Nanaba
10%
57 Dina Jaeger
9%
60 Nicolo
9%
62 Tom Xaver
9%
45 Keith Shadis
8%
34 Moblit
8%
58 Thomas Wagner
7%
23 Darius Zackley
6%
61 Uri Reiss
6%
79 Daz
5%
59 Kaya
5%
49 Magath
5%
21 Marlowe
5%
64 Willy Tybur
5%
24 Kuchel Ackerman
4%
54 Maria Fritz
4%
55 Rose Fritz
4%
56 Sina Fritz
4%
30 Auruo Bossard
3%
31 Erd Gin
3%
40 Frosch
3%
32 Gunther Schultz
3%
28 Hitsch Dreyse
3%
65 Lara Tybur
3%
33 Mike Zakarias
3%
36 Nifa
3%
53 Roi Fritz
3%
90 Arthur Braus
2%
83 Dimo Reeves
2%
39 Naile Dork
2%
48 Peak Fingers
2%
84 Flegel Reeves
1%
86 Ian Dietrich
1%
77 Samuel Link-Jackson
1%
68 Alma
0%
66 Anka Rheinberger
0%
80 Boris Feulner
0%
81 Dieter Ness
0%
70 Dirk Reiss
0%
71 Ebel Reiss
0%
72 Florian
0%
87 Franz Kefka
0%
37 Furlan Church
0%
82 Gustav
0%
74 Hannah Diamant
0%
85 Hugo
0%
38 Isabel Magnolia
0%
88 Kitts Verman
0%
91 Lisa Braus
0%
89 Luke Siss
0%
93 Martin Springer
0%
75 Milieus Zermusky
0%
78 Moses
0%
76 Nack Tias
0%
73 Pasteur Nick
0%
67 Rico Brzenska
0%
92 Sunny Springer
0%
69 Ulklin Reiss
0%
Aucun quiz correspondant
Distribution des résultats
% des personnes avec chaque résultat
Percentile par nombre de réponses
Votre historique - résultats
Vous n’avez pas pris ce quiz